Itzy Albums by the B-side - Statistics

General Stats
  • This quiz has been taken 253 times
  • The average score is 9 of 13
Answer Stats
Hint Answer % Correct
~SHOOT!~ Guess who????
80%
~Escalator~ Born to Be
78%
~It'z Summer~ It'z Icy
78%
~Kill Shot~ Kill My Doubt
78%
~Snowy~ Cheshire
75%
~LOVE is~ Crazy in Love
70%
~Free Fall~ Checkmate
67%
~Want it?~ It'z Different
63%
~Style~ Ringo
60%
~Ting Ting Ting~ It'z Me
58%
~Louder~ Not Shy
56%
~Spice~ Voltage
50%
~Can't tie me down~ Blah Blah Blah
49%
No matching quizzes found
Score Distribution
Percent of People with Each Score
Percentile by Number Answered
Your Score History
You have not taken this quiz